000 01158cad a22002415a 4500
001 L154251
008 111107s2011 xxkado f 000 0 eng d
035 _a(Sirsi) u154251
041 0 _aeng
100 1 _aHull, Andy
245 0 0 _aBuild now or pay later?
_bfunding new housing supply
_h[electronic resource]
260 _aLondon
_bInstitute for Public Policy Research
_c2011
505 2 _aPreface -- Executive summary -- Context -- A brief account of some common proposals -- Three promising prospects -- Two other ideas IPPR is exploring -- Conclusion -- References
520 _aThis paper's explicit focus is how we might finance the supply of new homes, asking 'If we are to increase housing supply, how are we to pay for it?'
590 _aKA NTK
651 4 _aEngland
_y886-
690 _aBUILT ENVIRONMENT-CONSTRUCTION MARKET
690 _aPROPERTY-RESIDENTIAL PROPERTY-DOMESTIC RESIDENTIAL PROPERTY-HOUSING
700 1 _aCooke, Graeme
700 1 _aDolphin, Tony
856 4 0 _uhttps://www.ippr.org/images/media/files/publication/2011/10/build-now-pay-later_Oct2011_8116.pdf
_zView this item free of charge at www.ippr.org
942 _n0
999 _c112906
_d112906